000 00822nam a22002657a 4500
001 BR9607557
003 BR-BrBNA
005 20230928095327.0
007 ta
008 230509b bl.||||| |||| 00| 0 por d
040 _aBR-BrBNA
_bpor
_cBiblioteca Nacional de Agricultura
041 _a(Por)
072 _aK50; K01; D50
090 _ K50 BR9607557
110 1 _aMinisterio da Agricultura, Brasilia, DF (Brasil)
_96753
110 1 _aInstituto Brasileiro de Desenvolvimento Florestal, Brasilia, DF (Brasil)
_95727
245 1 _aSeminario sobre pesquisa cadastral de industrias florestais
260 3 _aBrasilia, DF (Brasil):
_c1979.
300 _a[vp]
650 _aIndustria Florestal
650 _aPesquisa Florestal
650 _aLegislacao Florestal
909 _a202309
_bLucia
_c55
_dLucia Elande
942 _cBK
999 _c55912
_d55912